000 005560000a22001210004500
100 1 _aGaray, Juan Carlos
245 1 0 _aLas mismas cuarenta canciones
300 _aVol.0, núm.8 (Mayo, 2006), Página 30
500 _aEscritor, periodista radial y crítico musical de Semana.
520 _aLa radio musical se ha simplificado hasta la tosquedad. Ya no está en las manos de humanistas. Los programadores ya no se ocupan en descubrir talentos que marquen una evolución y una diferencia.
773 0 _tArcadia / Andrés Felipe Solano, Editor
942 _cANA
999 _c61781
_d61781